[Event "CZE-ch U16 Girls"]
[Site "Kouty nad Desnou"]
[Date "2009.03.14"]
[Round "9"]
[White "Novotna, Kristyna"]
[Black "Zpevakova, Jana"]
[Result "0-1"]
[WhiteElo "1528"]
[BlackElo "1717"]
[PlyCount "102"]
[EventDate "2009.03.07"]
[EventType "swiss"]
[EventRounds "9"]
[EventCountry "CZE"]
[SourceTitle "EXT 2011"]
[Source "ChessBase"]
[SourceDate "2010.11.26"]
[SourceVersion "1"]
[SourceVersionDate "2010.11.26"]
[SourceQuality "1"]

1. e4 e6 2. d4 d5 3. e5 c5 4. c3 Nc6 5. Nf3 Qb6 6. Be2 Nge7 7. 0-0 Ng6 8. Re1 Be7 9. Qb3 c4 10. Qxb6 axb6 11. Na3 0-0 12. Nd2 Bd7 13. Rf1 f6 14. f4 fxe5 15. fxe5 Rxf1+ 16. Kxf1 Rf8+ 17. Kg1 Nf4 18. Bd1 Nd8 19. Nf3 b5 20. Nc2 Be8 21. Ne3 Nf7 22. Nxc4 bxc4 23. Bxf4 h6 24. b3 Nh8 25. Be3 b5 26. Nd2 Ba3 27. Bg4 Bf7 28. bxc4 bxc4 29. Rb1 g5 30. Rb6 Re8 31. Nb1 Bf8 32. Nd2 h5 33. Bd1 g4 34. a4 Ra8 35. h3 g3 36. Nf3 Be7 37. Bf4 h4 38. Ng5 Bxg5 39. Bxg5 Ng6 40. Rb7 Be8 41. Bg4 Bf7 42. Kf1 Rxa4 43. Rb6 Ra1+ 44. Ke2 Ra2+ 45. Kf3 Rf2+ 46. Ke3 Rxg2 47. Rb1 Rc2 48. Rg1 Rxc3+ 49. Ke2 Rc2+ 50. Kd1 Ra2 51. Ke1 c3 0-1

[Event "CZE-ch U16 Girls"]
[Site "Kouty nad Desnou"]
[Date "2009.03.11"]
[Round "6"]
[White "Kosutova, Jitka"]
[Black "Novotna, Kristyna"]
[Result "1/2-1/2"]
[WhiteElo "1250"]
[BlackElo "1528"]
[PlyCount "83"]
[EventDate "2009.03.07"]
[EventType "swiss"]
[EventRounds "9"]
[EventCountry "CZE"]
[SourceTitle "EXT 2011"]
[Source "ChessBase"]
[SourceDate "2010.11.26"]
[SourceVersion "1"]
[SourceVersionDate "2010.11.26"]
[SourceQuality "1"]

1. e4 e6 2. d4 d5 3. exd5 exd5 4. Bd3 Bd6 5. Nf3 Nf6 6. h3 0-0 7. 0-0 Be6 8. Be3 Qd7 9. Ng5 c6 10. Nxe6 fxe6 11. c4 Qc7 12. Nd2 Nbd7 13. c5 Be7 14. b4 e5 15. a4 b6 16. a5 bxc5 17. bxc5 exd4 18. Bxd4 Nxc5 19. Bxc5 Bxc5 20. Nf3 Bd6 21. Qc2 Rae8 22. Nd4 Be5 23. Qa4 Bxd4 24. Qxd4 c5 25. Qb2 c4 26. Bc2 c3 27. Qb4 Rb8 28. Qd4 Rb2 29. Rfc1 Re8 30. Bd3 Rc8 31. Ra3 Qc5 32. Qxc5 Rxc5 33. Rcxc3 Rxc3 34. Rxc3 Ra2 35. Rc8+ Kf7 36. Rc7+ Ke6 37. Rxa7 g6 38. g3 Kd6 39. Ra6+ Ke7 40. Kg2 Rd2 41. Bb5 Ne4 42. h4 1/2-1/2

[Event "CZE-ch U16 Girls"]
[Site "Kouty nad Desnou"]
[Date "2009.03.09"]
[Round "3"]
[White "Novotna, Kristyna"]
[Black "Tobiskova, Petra"]
[Result "1-0"]
[WhiteElo "1528"]
[BlackElo "1250"]
[PlyCount "67"]
[EventDate "2009.03.07"]
[EventType "swiss"]
[EventRounds "9"]
[EventCountry "CZE"]
[SourceTitle "EXT 2011"]
[Source "ChessBase"]
[SourceDate "2010.11.26"]
[SourceVersion "1"]
[SourceVersionDate "2010.11.26"]
[SourceQuality "1"]

1. e4 e5 2. Nf3 Nf6 3. Nc3 d6 4. d4 Bg4 5. Be2 Bxf3 6. Bxf3 Be7 7. Be3 0-0 8. 0-0 Re8 9. g3 Nbd7 10. Bg2 c6 11. f4 exd4 12. Bxd4 Nb6 13. Qf3 Nc4 14. Qe2 Nb6 15. Rad1 c5 16. Bxc5 Qc7 17. Bd4 Bd8 18. Nb5 Qc4 19. Qxc4 Nxc4 20. Nxd6 Nxd6 21. Bxf6 Bxf6 22. Rxd6 Bxb2 23. Rb1 Ba3 24. Rd7 Rec8 25. Rbxb7 Rxc2 26. Rxf7 Bc5+ 27. Kf1 Rc1+ 28. Ke2 Rc2+ 29. Kf3 Bd4 30. Bh3 Rxh2 31. Be6 Rf2+ 32. Kg4 Ba1 33. Rxg7+ Kh8 34. Rxh7# 1-0

[Event "CZE-ch U16 Girls"]
[Site "Kouty nad Desnou"]
[Date "2009.03.08"]
[Round "2"]
[White "Vojtechovska, Lenka"]
[Black "Novotna, Kristyna"]
[Result "0-1"]
[WhiteElo "1407"]
[BlackElo "1528"]
[PlyCount "44"]
[EventDate "2009.03.07"]
[EventType "swiss"]
[EventRounds "9"]
[EventCountry "CZE"]
[SourceTitle "EXT 2011"]
[Source "ChessBase"]
[SourceDate "2010.11.26"]
[SourceVersion "1"]
[SourceVersionDate "2010.11.26"]
[SourceQuality "1"]

1. e4 e6 2. Nc3 d5 3. d4 c5 4. Bb5+ Nc6 5. Nge2 a6 6. Bxc6+ bxc6 7. 0-0 cxd4 8. Qxd4 c5 9. Qe5 f6 10. Qg3 d4 11. Rd1 Qa5 12. Nb1 e5 13. Bd2 Qb5 14. Re1 Qxb2 15. Na3 c4 16. Nxc4 Qxc2 17. Rec1 Qxe4 18. Re1 d3 19. Nb6 dxe2 20. Nxa8 Qxa8 21. Rxe2 Ne7 22. Qd3 Bb7 0-1

[Event "CZE-ch U16 Girls"]
[Site "Sec u Chrudimi"]
[Date "2008.03.15"]
[Round "9"]
[White "Glaserova, Lucie"]
[Black "Novotna, Kristyna"]
[Result "0-1"]
[WhiteElo "1452"]
[BlackElo "1441"]
[PlyCount "52"]
[EventDate "2008.03.08"]
[EventType "swiss"]
[EventRounds "9"]
[EventCountry "CZE"]
[SourceTitle "EXT 2009"]
[Source "ChessBase"]
[SourceDate "2008.11.26"]
[SourceVersion "1"]
[SourceVersionDate "2008.11.26"]
[SourceQuality "1"]

1. d4 d5 2. e3 e6 3. Bd3 Nf6 4. f4 Nbd7 5. Nf3 Ne4 6. Ne5 Qh4+ 7. g3 Qd8 8. Bxe4 dxe4 9. Nd2 Nxe5 10. fxe5 b6 11. 0-0 Bb7 12. b3 c5 13. c3 h5 14. Rf2 Qg5 15. Nc4 h4 16. Rg2 h3 17. Rf2 f5 18. exf6 gxf6 19. Qf1 f5 20. Ne5 Bd6 21. Qb5+ Kf8 22. Qd7 Bxe5 23. Qxb7 Rb8 24. Qd7 Bxg3 25. hxg3 Qxg3+ 26. Kf1 h2 0-1

[Event "CZE-ch U14 Girls"]
[Site "Sec u Chrudimi"]
[Date "2007.03.16"]
[Round "8"]
[White "Novotna, Kristyna"]
[Black "Phamova, Xuan Mai"]
[Result "1-0"]
[WhiteElo "1488"]
[BlackElo "1255"]
[PlyCount "75"]
[EventDate "2007.03.10"]
[EventType "swiss"]
[EventRounds "9"]
[EventCountry "CZE"]
[SourceTitle "EXT 2008"]
[Source "ChessBase"]
[SourceDate "2007.11.25"]
[SourceVersion "1"]
[SourceVersionDate "2007.11.25"]
[SourceQuality "1"]

1. e4 e5 2. Nf3 Nc6 3. d4 exd4 4. c3 dxc3 5. Bc4 d6 6. Qb3 Qe7 7. Nxc3 Nf6 8. 0-0 Na5 9. Qa4+ Nc6 10. Ng5 Be6 11. Bxe6 fxe6 12. Nb5 e5 13. f4 h6 14. Ne6 Rc8 15. f5 a6 16. Nc3 b5 17. Qxa6 Qd7 18. Qxb5 Nd4 19. Qxd7+ Kxd7 20. Nxd4 exd4 21. Nb5 c5 22. Re1 Rb8 23. a4 h5 24. Bf4 Rb6 25. Bg3 h4 26. Bf4 Rh5 27. Na3 Rxb2 28. a5 Rb7 29. Nc4 h3 30. a6 Ra7 31. Reb1 Nxe4 32. Rb7+ Rxb7 33. axb7 Kc7 34. Rb1 Kb8 35. Na5 Rxf5 36. Nc6+ Kc7 37. b8Q+ Kxc6 38. Qb7# 1-0

[Event "CZE-ch U14 Girls"]
[Site "Zlate Hory"]
[Date "2006.03.14"]
[Round "5"]
[White "Novotna, Kristyna"]
[Black "Zemanova, Sarka"]
[Result "1/2-1/2"]
[WhiteElo "1250"]
[BlackElo "1250"]
[PlyCount "122"]
[EventDate "2006.03.11"]
[EventType "swiss"]
[EventRounds "9"]
[EventCountry "CZE"]
[SourceTitle "EXT 2008"]
[Source "ChessBase"]
[SourceDate "2007.11.25"]
[SourceVersion "1"]
[SourceVersionDate "2007.11.25"]
[SourceQuality "1"]

1. e4 e5 2. Nf3 Nc6 3. d4 exd4 4. c3 Nf6 5. cxd4 Nxe4 6. Nc3 Bb4 7. Qc2 d5 8. Bd3 Nxc3 9. bxc3 Bd6 10. h3 Qe7+ 11. Be3 Bf4 12. Qd2 0-0 13. 0-0 Bxe3 14. fxe3 Qf6 15. e4 dxe4 16. Bxe4 Bf5 17. Ng5 Ne7 18. g4 h6 19. gxf5 hxg5 20. Bxb7 Rad8 21. Be4 Rfe8 22. Rab1 Qd6 23. Qxg5 Qf6 24. Qxf6 gxf6 25. Rb7 Nc8 26. Bf3 Re7 27. Kg2 c6 28. Bxc6 Rxb7 29. Bxb7 Nb6 30. Bc6 Nc4 31. Kf2 Kh7 32. Rb1 Rd6 33. Be8 Kg7 34. Rb7 Rd8 35. Bxf7 Nd6 36. Bd5+ Kh6 37. Rc7 Nxf5 38. Bf3 Nd6 39. Ke3 Re8+ 40. Kd3 Kg5 41. c4 Kf4 42. Bc6 Re3+ 43. Kc2 Nxc4 44. d5 Ke5 45. h4 Kd6 46. Rxa7 Nb6 47. h5 Rh3 48. Rh7 Nxd5 49. Bxd5 Kxd5 50. h6 Ke5 51. a4 Kf5 52. a5 Kg6 53. Ra7 Kxh6 54. Ra8 Kg7 55. a6 Ra3 56. Kb2 Ra5 57. Kb3 Kf7 58. Kb4 Ra1 59. Kb5 Ke7 60. Kb6 Kd7 61. a7 Rb1+ 1/2-1/2

[Event "CZE Juniorcentrum op-D"]
[Site "Sec u Chrudimi"]
[Date "2005.10.29"]
[Round "9"]
[White "Rihova, Kamila"]
[Black "Novotna, Kristyna"]
[Result "1/2-1/2"]
[WhiteElo "1538"]
[BlackElo "1250"]
[PlyCount "33"]
[EventDate "2005.10.22"]
[EventType "swiss"]
[EventRounds "9"]
[EventCountry "CZE"]
[SourceTitle "EXT 2008"]
[Source "ChessBase"]
[SourceDate "2007.11.25"]
[SourceVersion "1"]
[SourceVersionDate "2007.11.25"]
[SourceQuality "1"]

1. e4 e6 2. d4 d5 3. exd5 exd5 4. Bd3 Nf6 5. c3 Nc6 6. Ne2 Be7 7. 0-0 Be6 8. Re1 Qd7 9. Qb3 0-0-0 10. a4 h5 11. a5 Rdg8 12. a6 b6 13. Bb5 g5 14. Qa4 Qd6 15. Bxc6 Ng4 16. f4 h4 17. Na3 1/2-1/2